[Event "Helsingor Xtracon op"]
[Site "Helsingor"]
[Date "2019.07.28"]
[Round "10"]
[White "Eiholt, Bjarne"]
[Black "Bredeli, Havard Iversen"]
[Result "1-0"]
[WhiteElo "1558"]
[BlackElo "1397"]
[PlyCount "75"]
[EventDate "2019.07.20"]
[EventType "swiss"]
[EventRounds "10"]
[EventCountry "DEN"]
[SourceTitle "CBM 191 Extra"]
[Source "ChessBase"]
[SourceDate "2019.09.30"]
[SourceVersion "1"]
[SourceVersionDate "2019.09.30"]
[SourceQuality "1"]

1. d4 Nf6 2. c4 d5 3. Nc3 e6 4. cxd5 exd5 5. Qc2 c6 6. Bg5 Be6 7. e3 Nbd7 8. Bd3 Bd6 9. Nge2 h6 10. Bh4 Qc7 11. Bg3 0-0 12. 0-0 Rfe8 13. Rae1 Nh5 14. Bxd6 Qxd6 15. Kh1 Nf8 16. Qd2 b6 17. f3 c5 18. e4 cxd4 19. Nb5 Qd7 20. Nbxd4 dxe4 21. fxe4 Bg4 22. Bb5 Qd8 23. Bxe8 Qxe8 24. Nf4 Nf6 25. e5 N6h7 26. h3 Bd7 27. Qf2 Qe7 28. Nd5 Qc5 29. Qxf7+ Kh8 30. Nb3 Qc2 31. Nf4 Bf5 32. Rc1 Qe4 33. Nh5 Qxe5 34. Rce1 Be6 35. Rxe5 Bxf7 36. Rxf7 Ng5 37. Rxg7 Nfe6 38. Re7 1-0

[Event "Helsingor Xtracon op"]
[Site "Helsingor"]
[Date "2019.07.25"]
[Round "7"]
[White "Eiholt, Bjarne"]
[Black "Poulsen, Knud"]
[Result "0-1"]
[WhiteElo "1558"]
[BlackElo "1743"]
[PlyCount "140"]
[EventDate "2019.07.20"]
[EventType "swiss"]
[EventRounds "10"]
[EventCountry "DEN"]
[SourceTitle "CBM 191 Extra"]
[Source "ChessBase"]
[SourceDate "2019.09.30"]
[SourceVersion "1"]
[SourceVersionDate "2019.09.30"]
[SourceQuality "1"]

1. d4 Nf6 2. c4 e6 3. Nc3 Bb4 4. Qc2 c5 5. a3 cxd4 6. axb4 dxc3 7. bxc3 0-0 8. Bg5 b6 9. Nf3 Bb7 10. e3 Be4 11. Bd3 Bxd3 12. Qxd3 Nc6 13. 0-0 a5 14. b5 Nb8 15. Ra4 Re8 16. e4 e5 17. Rd1 Re6 18. h3 d6 19. Bxf6 gxf6 20. Nh4 Nd7 21. Nf5 Qf8 22. Qd5 Nc5 23. Ra2 Ra7 24. Qc6 Qd8 25. Rad2 h5 26. Rxd6 Rxd6 27. Rxd6 Rd7 28. Qxb6 Qxb6 29. Rxb6 a4 30. Rb8+ Kh7 31. Ra8 Rd1+ 32. Kh2 Rd3 33. b6 Rxc3 34. Nd6 Rb3 35. Nb5 Rb4 36. Ra7 a3 37. b7 Nd7 38. Nxa3 Rb2 39. Nb5 Rb4 40. Ra8 Rxc4 41. b8Q Nxb8 42. Rxb8 Rxe4 43. Nd6 Rf4 44. Kg3 h4+ 45. Kh2 Rd4 46. g3 hxg3+ 47. Kxg3 Rxd6 48. Rb4 f5 49. Rh4+ Rh6 50. Rb4 f4+ 51. Kh2 Kg7 52. f3 Rg6 53. Rb5 Kf6 54. Rb6+ Kf5 55. Rb3 Rc6 56. Rb2 Rc3 57. Kg2 Kg5 58. Rb8 Rc2+ 59. Kg1 Kh4 60. Rh8+ Kg3 61. Rg8+ Kxf3 62. h4 Rc6 63. h5 Rh6 64. Rg5 f6 65. Rg6 Rxh5 66. Rxf6 Rg5+ 67. Kf1 e4 68. Re6 e3 69. Re7 e2+ 70. Rxe2 Rg1+ 0-1

[Event "Helsingor Xtracon op"]
[Site "Helsingor"]
[Date "2019.07.23"]
[Round "5"]
[White "Horslund, Mikael"]
[Black "Eiholt, Bjarne"]
[Result "1-0"]
[WhiteElo "1716"]
[BlackElo "1558"]
[PlyCount "129"]
[EventDate "2019.07.20"]
[EventType "swiss"]
[EventRounds "10"]
[EventCountry "DEN"]
[SourceTitle "CBM 191 Extra"]
[Source "ChessBase"]
[SourceDate "2019.09.30"]
[SourceVersion "1"]
[SourceVersionDate "2019.09.30"]
[SourceQuality "1"]

1. c4 c6 2. Nf3 d5 3. d4 Nf6 4. e3 e6 5. b3 Bd6 6. Bd3 0-0 7. 0-0 Nbd7 8. Bb2 Re8 9. Nbd2 Qc7 10. e4 dxe4 11. Nxe4 Nxe4 12. Bxe4 Nf6 13. Bc2 Qa5 14. Ne5 Ba3 15. Bc1 Bxc1 16. Rxc1 Bd7 17. Qd3 Rad8 18. b4 Qc7 19. h3 Bc8 20. Ng4 Nxg4 21. Qxh7+ Kf8 22. hxg4 Ke7 23. Qe4 Rh8 24. Rfd1 Rh6 25. g5 Rh2 26. f4 Rh4 27. g3 Rh3 28. Kg2 Rdh8 29. Bb3 b6 30. Qe5 Rh2+ 31. Kf3 Qxe5 32. dxe5 c5 33. bxc5 bxc5 34. Rd3 Bb7+ 35. Kg4 Be4 36. Re3 Bc6 37. Rd1 Rd8 38. Rxd8 Kxd8 39. g6 fxg6 40. Kg5 Be8 41. Rd3+ Kc7 42. Rd6 Kb7 43. Rd8 Bc6 44. Kxg6 Rg2 45. Kxg7 Rxg3+ 46. Kf6 Rf3 47. Kg5 Rg3+ 48. Kh4 Rf3 49. Kg4 Rf2 50. Rf8 Be4 51. Rf7+ Kb6 52. Kg5 Rg2+ 53. Kf6 Bf5 54. Ke7 Rd2 55. Rxf5 exf5 56. e6 Kc7 57. Ba4 Rxa2 58. Kf8 Re2 59. e7 Kb6 60. Bd7 Ka5 61. e8Q Rxe8+ 62. Kxe8 Kb4 63. Bxf5 a5 64. Bb1 Kxc4 65. f5 1-0

[Event "Helsingor Xtracon op"]
[Site "Helsingor"]
[Date "2019.07.21"]
[Round "3"]
[White "Markussen, Bernt Olav"]
[Black "Eiholt, Bjarne"]
[Result "1-0"]
[WhiteElo "1761"]
[BlackElo "1558"]
[PlyCount "61"]
[EventDate "2019.07.20"]
[EventType "swiss"]
[EventRounds "10"]
[EventCountry "DEN"]
[SourceTitle "CBM 191 Extra"]
[Source "ChessBase"]
[SourceDate "2019.09.30"]
[SourceVersion "1"]
[SourceVersionDate "2019.09.30"]
[SourceQuality "1"]

1. d4 d5 2. Bf4 Nf6 3. e3 e6 4. c3 Be7 5. Nf3 0-0 6. Bd3 c5 7. Nbd2 Nc6 8. Ne5 Bd7 9. Qf3 g6 10. Bh6 Re8 11. g4 Bf8 12. Bg5 Be7 13. h4 Bc8 14. h5 Nxe5 15. dxe5 Nd7 16. Bxe7 Qxe7 17. Qg3 b6 18. hxg6 fxg6 19. Qh2 Qg7 20. f4 Bb7 21. Rg1 c4 22. Bc2 Nc5 23. 0-0-0 b5 24. Nf3 Ne4 25. f5 Rf8 26. Nd4 Bc8 27. Bxe4 dxe4 28. f6 Qb7 29. Rh1 Rf7 30. Nxb5 Qb6 31. Rd4 1-0

[Event "Helsingor Xtracon op"]
[Site "Helsingor"]
[Date "2019.07.20"]
[Round "1"]
[White "Stovring, Claus"]
[Black "Eiholt, Bjarne"]
[Result "1-0"]
[WhiteElo "2036"]
[BlackElo "1558"]
[PlyCount "49"]
[EventDate "2019.07.20"]
[EventType "swiss"]
[EventRounds "10"]
[EventCountry "DEN"]
[SourceTitle "CBM 191 Extra"]
[Source "ChessBase"]
[SourceDate "2019.09.30"]
[SourceVersion "1"]
[SourceVersionDate "2019.09.30"]
[SourceQuality "1"]

1. e4 c6 2. d4 d5 3. e5 Bf5 4. h4 h6 5. g4 Be4 6. f3 Bh7 7. e6 fxe6 8. Bd3 Bxd3 9. Qxd3 Qd6 10. Ne2 Na6 11. a3 e5 12. dxe5 Qxe5 13. Nbc3 Qf6 14. f4 e5 15. fxe5 Qxe5 16. Bf4 Qe6 17. 0-0-0 0-0-0 18. Qd4 Nf6 19. Qxa7 Bd6 20. Bxd6 Qxd6 21. Na4 Qb8 22. Qd4 Rhe8 23. Nec3 Ne4 24. Qxg7 Nf2 25. Nb6# 1-0

[Event "Taastrup Quick Weekend 23th Basis 5"]
[Site "Taastrup"]
[Date "2016.05.20"]
[Round "2"]
[White "Tolba, Henri"]
[Black "Eiholt, Bjarne"]
[Result "1-0"]
[WhiteElo "1697"]
[BlackElo "1625"]
[PlyCount "77"]
[EventDate "2016.05.20"]
[EventType "tourn"]
[EventRounds "5"]
[EventCountry "DEN"]
[SourceTitle "EXT 2024"]
[Source "ChessBase"]
[SourceDate "2023.10.10"]
[SourceVersion "1"]
[SourceVersionDate "2023.10.10"]
[SourceQuality "1"]

1. e4 c6 2. d3 d5 3. exd5 cxd5 4. Nf3 Bg4 5. h3 Bh5 6. Nbd2 Nf6 7. g4 Bg6 8. Ne5 e6 9. Ndf3 Nbd7 10. g5 Nxe5 11. Nxe5 Bh5 12. Be2 Bxe2 13. Qxe2 Nd7 14. d4 Bb4+ 15. c3 Be7 16. h4 Nxe5 17. Qxe5 0-0 18. Qg3 Qb6 19. h5 e5 20. dxe5 Bc5 21. 0-0 Qe6 22. Kg2 Qf5 23. Qf4 Qxf4 24. Bxf4 d4 25. b4 Bb6 26. c4 a6 27. Rfd1 Rad8 28. Rd3 Rfe8 29. Rad1 Kf8 30. Bg3 Re6 31. f4 g6 32. hxg6 fxg6 33. c5 Bc7 34. Rxd4 Rxd4 35. Rxd4 Ke7 36. Rd1 Kf7 37. Kf3 Rc6 38. Rd7+ Kg8 39. Ke4 1-0

[Event "Copenhagen Bronshoj op"]
[Site "Copenhagen"]
[Date "2016.??.??"]
[Round "6"]
[White "Pedersen, Bo V"]
[Black "Eiholt, Bjarne"]
[Result "0-1"]
[WhiteElo "1549"]
[BlackElo "1612"]
[PlyCount "66"]
[EventDate "2016.02.12"]
[EventType "swiss"]
[EventRounds "7"]
[EventCountry "DEN"]
[SourceTitle "CBM 170 Extra"]
[Source "ChessBase"]
[SourceDate "2016.02.25"]
[SourceVersion "1"]
[SourceVersionDate "2016.02.25"]
[SourceQuality "1"]

1. d4 d5 2. c4 e6 3. Nc3 c6 4. Nf3 Be7 5. Bf4 Nf6 6. h3 0-0 7. e3 Nbd7 8. Bd3 b6 9. 0-0 Bb7 10. a3 c5 11. dxc5 Nxc5 12. cxd5 Nxd5 13. Nxd5 Bxd5 14. Bc2 Ne4 15. Qe2 Qc8 16. Rac1 Qb7 17. Ne1 Rac8 18. f3 Nf6 19. Be5 Bc4 20. Nd3 Rfd8 21. b3 Bb5 22. Rfd1 Bxa3 23. Ra1 Be7 24. Ra2 Nd5 25. Qe1 Bg5 26. f4 Be7 27. Qg3 f6 28. Bd4 Nc3 29. Bxc3 Rxc3 30. Nb4 Rxd1+ 31. Bxd1 Bxb4 32. Rd2 Rd3 33. Bf3 Qd7 0-1

[Event "Copenhagen Bronshoj op"]
[Site "Copenhagen"]
[Date "2016.??.??"]
[Round "4"]
[White "Van den Brink, Nienke"]
[Black "Eiholt, Bjarne"]
[Result "0-1"]
[WhiteElo "1688"]
[BlackElo "1612"]
[PlyCount "110"]
[EventDate "2016.02.12"]
[EventType "swiss"]
[EventRounds "7"]
[EventCountry "DEN"]
[SourceTitle "CBM 170 Extra"]
[Source "ChessBase"]
[SourceDate "2016.02.25"]
[SourceVersion "1"]
[SourceVersionDate "2016.02.25"]
[SourceQuality "1"]

1. Nc3 d5 2. e4 c6 3. e5 Bf5 4. d4 e6 5. Nce2 Qb6 6. c3 c5 7. Nf3 Nc6 8. Qb3 Qc7 9. Be3 cxd4 10. cxd4 Nge7 11. Rc1 Bg6 12. Nc3 Nf5 13. Nb5 Qd7 14. h4 a6 15. h5 Nxe3 16. fxe3 Bf5 17. Nd6+ Bxd6 18. exd6 h6 19. Ne5 Nxe5 20. dxe5 Rc8 21. Rc3 0-0 22. Be2 f6 23. exf6 Rxf6 24. Qb6 Rxc3 25. bxc3 e5 26. 0-0 Rxd6 27. Qb4 Rf6 28. Qh4 Qf7 29. g4 Be4 30. g5 Rxf1+ 31. Bxf1 hxg5 32. Qxg5 Qf6 33. Qxf6 gxf6 34. Be2 Kh7 35. a4 a5 36. Bd1 Kh6 37. Kf2 Kg5 38. Kg3 Bf5 39. Bb3 Be4 40. Bd1 f5 41. Kf2 f4 42. h6 fxe3+ 43. Kxe3 Kxh6 44. Bb3 Kg5 45. Bd1 Kf5 46. Bb3 b6 47. Bd1 Ke6 48. Be2 Kd6 49. Bb5 Bc2 50. Kd2 Bb3 51. Ke3 Kc5 52. Kd3 e4+ 53. Ke3 Bc4 54. Bd7 Bd3 55. Be6 b5 0-1

[Event "DEN-ch Kort 1-2"]
[Site "Helsingor"]
[Date "2013.03.23"]
[Round "1"]
[White "Eiholt, Bjarne"]
[Black "Rasmussen, Ole H"]
[Result "1/2-1/2"]
[WhiteElo "1654"]
[BlackElo "1734"]
[PlyCount "100"]
[EventDate "2013.03.23"]
[EventType "swiss"]
[EventRounds "5"]
[EventCountry "DEN"]
[SourceTitle "EXT 2023"]
[Source "ChessBase"]
[SourceDate "2022.10.05"]
[SourceVersion "1"]
[SourceVersionDate "2022.10.05"]
[SourceQuality "1"]

1. d4 Nf6 2. c4 g6 3. Nc3 d6 4. Bf4 Bg7 5. h3 0-0 6. Nf3 c5 7. e3 Re8 8. Be2 Nbd7 9. 0-0 b6 10. Rc1 Bb7 11. a3 e5 12. Bh2 Rc8 13. Nb5 Qe7 14. dxe5 Nxe5 15. Nxe5 dxe5 16. Qd6 Rcd8 17. Qxe7 Rxe7 18. Rfd1 Rxd1+ 19. Rxd1 a6 20. Rd8+ Re8 21. Rxe8+ Nxe8 22. Nc3 Bc6 23. Nd5 Bxd5 24. cxd5 a5 25. e4 Nd6 26. f3 f6 27. Bg3 Bh6 28. Bf2 Bc1 29. b4 Bxa3 30. bxc5 Bxc5 31. Bxc5 bxc5 32. Bd1 Kf8 33. Kf2 f5 34. Ke3 Nc4+ 35. Kd3 Nb6 36. Bb3 Ke7 37. Kc3 f4 38. h4 Kd6 39. Kd3 Nd7 40. Kc4 Nf6 41. Kb5 h6 42. Bc4 g5 43. hxg5 hxg5 44. Be2 g4 45. Kxa5 gxf3 46. gxf3 Nh5 47. Kb5 Ng3 48. Bd3 Nh1 49. Bf1 Nf2 50. Be2 Nh3 1/2-1/2

[Event "Valby K41 Aabent-ch 1011"]
[Site "Valby"]
[Date "2011.03.01"]
[Round "9"]
[White "Eiholt, Bjarne"]
[Black "Krogh, Soren"]
[Result "0-1"]
[WhiteElo "1516"]
[BlackElo "1274"]
[PlyCount "92"]
[EventDate "2010.11.03"]
[EventType "swiss"]
[EventRounds "10"]
[EventCountry "DEN"]
[SourceTitle "EXT 2023"]
[Source "ChessBase"]
[SourceDate "2022.10.05"]
[SourceVersion "1"]
[SourceVersionDate "2022.10.05"]
[SourceQuality "1"]

1. d4 Nf6 2. c4 c5 3. d5 e6 4. Nc3 exd5 5. cxd5 d6 6. e4 g6 7. Nf3 Bg7 8. Be2 0-0 9. 0-0 Re8 10. Nd2 a6 11. a4 Nbd7 12. Nc4 Qc7 13. Bf4 Ne5 14. Nxe5 dxe5 15. Bg3 Bh6 16. Bh4 Nd7 17. d6 Qb8 18. Nd5 g5 19. Nc7 Rf8 20. Nxa8 gxh4 21. Nc7 Nf6 22. Qc2 b6 23. Rad1 Rd8 24. Nxa6 Bxa6 25. Bxa6 Rxd6 26. Rxd6 Qxd6 27. Rd1 Qc7 28. Bb5 Bf4 29. Qd3 Qb7 30. f3 Nh5 31. Qd8+ Kg7 32. Qxh4 Nf6 33. Kf2 Qe7 34. b3 Nxe4+ 35. fxe4 Qxh4+ 36. Kf1 Be3 37. Ke2 Qf2+ 38. Kd3 Bd4 39. Rd2 Qe3+ 40. Kc2 Qc3+ 41. Kd1 Be3 42. Rd3 Qc1+ 43. Ke2 Bd4 44. Bc4 Qg1 45. Rg3+ Kf8 46. Kd3 Qd1# 0-1

[Event "Valby K41 Aabent-ch 1011"]
[Site "Valby"]
[Date "2011.01.04"]
[Round "5"]
[White "Eiholt, Bjarne"]
[Black "Stanislaus, Johann"]
[Result "0-1"]
[WhiteElo "1516"]
[BlackElo "1591"]
[PlyCount "90"]
[EventDate "2010.11.03"]
[EventType "swiss"]
[EventRounds "10"]
[EventCountry "DEN"]
[SourceTitle "EXT 2023"]
[Source "ChessBase"]
[SourceDate "2022.10.05"]
[SourceVersion "1"]
[SourceVersionDate "2022.10.05"]
[SourceQuality "1"]

1. d4 d5 2. c4 c6 3. Nc3 e6 4. cxd5 exd5 5. Qc2 f5 6. Nf3 Bd6 7. Bg5 Qc7 8. Rc1 Be6 9. e3 h6 10. Bh4 Nd7 11. Bd3 g6 12. 0-0 Ngf6 13. Nb5 Qb8 14. Nxd6+ Qxd6 15. Bg3 Qe7 16. Ne5 Nxe5 17. Bxe5 0-0 18. Rce1 Ne4 19. f3 Ng5 20. Bf4 Rac8 21. Qf2 Nf7 22. e4 Qd7 23. Qg3 Kh7 24. Qf2 Rce8 25. Qd2 g5 26. Be3 dxe4 27. fxe4 f4 28. Bf2 a6 29. Qc2 Nd6 30. d5 cxd5 31. exd5+ Bf5 32. Bc5 Rc8 33. Bxf5+ Nxf5 34. Qf2 Rfe8 35. Rxe8 Rxe8 36. Qc2 Qxd5 37. Rd1 Qe6 38. Bb4 Rc8 39. Qd3 Kg8 40. Re1 Qb6+ 41. Kh1 Qxb4 42. Qd5+ Kh8 43. Qe5+ Ng7 44. Rd1 Re8 45. Rd8 Rxd8 0-1

[Event "Valby K41 Aabent-ch 1011"]
[Site "Valby"]
[Date "2010.11.16"]
[Round "2"]
[White "Eiholt, Bjarne"]
[Black "Nielsen, Soren Skovso"]
[Result "0-1"]
[WhiteElo "1516"]
[BlackElo "1641"]
[PlyCount "100"]
[EventDate "2010.11.03"]
[EventType "swiss"]
[EventRounds "10"]
[EventCountry "DEN"]
[SourceTitle "EXT 2023"]
[Source "ChessBase"]
[SourceDate "2022.10.05"]
[SourceVersion "1"]
[SourceVersionDate "2022.10.05"]
[SourceQuality "1"]

1. d4 Nf6 2. c4 e6 3. Nc3 Bb4 4. Qc2 d5 5. cxd5 Nxd5 6. e4 Nb6 7. Nf3 0-0 8. Bg5 Be7 9. Bxe7 Qxe7 10. Bd3 c5 11. 0-0 Nc6 12. dxc5 Nb4 13. Qe2 Nxd3 14. Qxd3 Qxc5 15. Rac1 Qa5 16. a3 Bd7 17. Nd4 Rad8 18. Qe2 Na4 19. Ncb5 e5 20. Nd6 Qb6 21. N4f5 Nc5 22. Nc4 Qe6 23. Nd2 Qf6 24. Rxc5 Qb6 25. b4 a6 26. Rfc1 Qf6 27. R5c3 Rfe8 28. Rf3 Qb6 29. Rg3 Qf6 30. Rxg7+ Kh8 31. Qh5 Bxf5 32. exf5 Qxg7 33. Ne4 Rg8 34. g3 Qg4 35. Qxf7 Rgf8 36. f3 Qxf3 37. Qxb7 Qe3+ 38. Kg2 Qxc1 39. f6 Qh6 40. Qxa6 Ra8 41. Qd6 Rxa3 42. Qxe5 Ra2+ 43. Kf3 Ra3+ 44. Kg2 Ra2+ 45. Kf3 Raa8 46. b5 Rae8 47. Qd4 Rxe4 48. Qxe4 Qxf6+ 49. Kg2 Qf2+ 50. Kh3 Qf5+ 0-1

[Event "Valby K41 Autumn-C"]
[Site "Valby"]
[Date "2010.10.26"]
[Round "7"]
[White "Eiholt, Bjarne"]
[Black "Gjelstrup, Ole"]
[Result "0-1"]
[WhiteElo "1408"]
[BlackElo "1531"]
[PlyCount "64"]
[EventDate "2010.09.07"]
[EventType "tourn"]
[EventRounds "7"]
[EventCountry "DEN"]
[SourceTitle "EXT 2023"]
[Source "ChessBase"]
[SourceDate "2022.10.05"]
[SourceVersion "1"]
[SourceVersionDate "2022.10.05"]
[SourceQuality "1"]

1. d4 d5 2. c4 e6 3. Nc3 c5 4. cxd5 exd5 5. Nf3 Nf6 6. Bg5 c4 7. Bxf6 gxf6 8. g3 Bb4 9. Qc2 Bg4 10. Bg2 Nc6 11. e3 Bxc3+ 12. Qxc3 Qd6 13. 0-0 0-0 14. Nd2 Bf5 15. f3 Bd3 16. Rf2 f5 17. e4 fxe4 18. fxe4 dxe4 19. Nxe4 Qxd4 20. Nf6+ Kg7 21. Qxd4 Nxd4 22. Nd7 Rfe8 23. Nc5 Ne2+ 24. Kh1 Rad8 25. Raf1 Nxg3+ 26. hxg3 Bxf1 27. Rxf1 Re2 28. Nxb7 Rdd2 29. Bf3 Rf2 30. Rxf2 Rxf2 31. Bd5 Rxb2 32. Nd6 c3 0-1

[Event "Valby K41 op 0910"]
[Site "Valby"]
[Date "2010.01.05"]
[Round "4"]
[White "Eiholt, Bjarne"]
[Black "Mollmann, Erik"]
[Result "1/2-1/2"]
[WhiteElo "1360"]
[BlackElo "1517"]
[PlyCount "43"]
[EventDate "2009.11.03"]
[EventType "swiss"]
[EventRounds "9"]
[EventCountry "DEN"]
[SourceTitle "EXT 2018"]
[Source "ChessBase"]
[SourceDate "2017.10.13"]
[SourceVersion "1"]
[SourceVersionDate "2017.10.13"]
[SourceQuality "1"]

1. d4 d5 2. c4 Bf5 3. Nc3 e6 4. cxd5 exd5 5. Qb3 Nc6 6. Qxd5 Qxd5 7. Nxd5 Nxd4 8. Nxc7+ Kd8 9. Nxa8 Nc2+ 10. Kd1 Nxa1 11. Bf4 Nf6 12. f3 Bc2+ 13. Ke1 Nd5 14. Bd2 Bb4 15. e4 Bxd2+ 16. Kxd2 Nb4 17. Bc4 Ba4 18. Ne2 Nbc2 19. Nc3 Bc6 20. Bd3 Kd7 21. Bxc2 Nxc2 22. Kxc2 1/2-1/2

[Event "Valby K41 op 0910"]
[Site "Valby"]
[Date "2009.12.01"]
[Round "3"]
[White "Wadtland, Flemming"]
[Black "Eiholt, Bjarne"]
[Result "1-0"]
[WhiteElo "1170"]
[BlackElo "1360"]
[PlyCount "93"]
[EventDate "2009.11.03"]
[EventType "swiss"]
[EventRounds "9"]
[EventCountry "DEN"]
[SourceTitle "EXT 2018"]
[Source "ChessBase"]
[SourceDate "2017.10.13"]
[SourceVersion "1"]
[SourceVersionDate "2017.10.13"]
[SourceQuality "1"]

1. c4 e5 2. Nc3 Nf6 3. g3 d5 4. cxd5 Nxd5 5. Bg2 Nb6 6. d3 Nc6 7. Nf3 Be7 8. 0-0 0-0 9. a3 Be6 10. Be3 f5 11. Qc1 h6 12. b4 Bf6 13. Ne1 Nd5 14. Nxd5 Bxd5 15. Bc5 Rf7 16. e4 Be6 17. exf5 Bxf5 18. Be4 Bxe4 19. dxe4 Nd4 20. Qc4 b6 21. Bxd4 exd4 22. Nd3 Qf8 23. f4 Kh8 24. e5 Be7 25. Qxd4 Rd8 26. Qc4 a5 27. e6 Rf5 28. Ne5 Kh7 29. g4 Rf6 30. Nd7 Qe8 31. Nxf6+ Bxf6 32. Rad1 axb4 33. Qe4+ Kh8 34. axb4 Be7 35. Rxd8 Qxd8 36. Ra1 c6 37. Rc1 Qd2 38. Rxc6 Qd1+ 39. Kf2 Bh4+ 40. Ke3 Qg1+ 41. Kd3 Qb1+ 42. Kd4 Qxb4+ 43. Kd3 Qb1+ 44. Rc2 Qb3+ 45. Ke2 Qb5+ 46. Qd3 Qe8 47. Qd7 1-0

[Event "Valby K41 op 0910"]
[Site "Valby"]
[Date "2009.11.17"]
[Round "2"]
[White "Eiholt, Bjarne"]
[Black "Nielsen, Jorgen Holmstrom"]
[Result "0-1"]
[WhiteElo "1360"]
[BlackElo "1650"]
[PlyCount "64"]
[EventDate "2009.11.03"]
[EventType "swiss"]
[EventRounds "9"]
[EventCountry "DEN"]
[SourceTitle "EXT 2018"]
[Source "ChessBase"]
[SourceDate "2017.10.13"]
[SourceVersion "1"]
[SourceVersionDate "2017.10.13"]
[SourceQuality "1"]

1. d4 Nf6 2. c4 e5 3. dxe5 Ng4 4. Nf3 Nc6 5. Bf4 Bb4+ 6. Nc3 Qe7 7. a3 Bxc3+ 8. bxc3 Ngxe5 9. Nxe5 Nxe5 10. e3 d6 11. Be2 Be6 12. Qb3 c6 13. a4 0-0 14. 0-0 f5 15. h3 Qf7 16. Rfd1 Nxc4 17. Qc2 d5 18. Bxc4 dxc4 19. Rd6 Bd5 20. Qb2 Rad8 21. Qb4 Rd7 22. Rxd7 Qxd7 23. f3 h6 24. Rd1 Qf7 25. Rb1 b6 26. a5 b5 27. Qc5 g5 28. Be5 g4 29. Bd6 Rd8 30. fxg4 fxg4 31. Rf1 Qg6 32. h4 Qxd6 0-1

[Event "Valby K41 op 0910"]
[Site "Valby"]
[Date "2009.11.03"]
[Round "1"]
[White "Lofberg, Jan"]
[Black "Eiholt, Bjarne"]
[Result "1-0"]
[WhiteElo "1801"]
[BlackElo "1360"]
[PlyCount "37"]
[EventDate "2009.11.03"]
[EventType "swiss"]
[EventRounds "9"]
[EventCountry "DEN"]
[SourceTitle "EXT 2018"]
[Source "ChessBase"]
[SourceDate "2017.10.13"]
[SourceVersion "1"]
[SourceVersionDate "2017.10.13"]
[SourceQuality "1"]

1. e4 c6 2. d4 d5 3. e5 Bf5 4. h4 h6 5. g4 Be4 6. f3 Bh7 7. e6 fxe6 8. Bd3 Bxd3 9. Qxd3 Qd6 10. f4 Nf6 11. Nf3 Ne4 12. Nc3 Nd7 13. Nxe4 dxe4 14. Qxe4 0-0-0 15. c3 g6 16. Qxg6 Rg8 17. Qxg8 Nf6 18. Qg6 Nd5 19. Ne5 1-0

[Event "Valby K41 Autumn-B"]
[Site "Valby"]
[Date "2009.10.06"]
[Round "5"]
[White "Eiholt, Bjarne"]
[Black "Krogh, Soren"]
[Result "1/2-1/2"]
[WhiteElo "1421"]
[BlackElo "1147"]
[PlyCount "108"]
[EventDate "2009.09.08"]
[EventType "swiss"]
[EventRounds "7"]
[EventCountry "DEN"]
[SourceTitle "EXT 2023"]
[Source "ChessBase"]
[SourceDate "2022.10.05"]
[SourceVersion "1"]
[SourceVersionDate "2022.10.05"]
[SourceQuality "1"]

1. d4 d5 2. c4 e6 3. Nc3 c6 4. cxd5 exd5 5. Qc2 Nf6 6. Bg5 Be7 7. e3 Be6 8. Bd3 Nbd7 9. Nge2 Qc7 10. 0-0 0-0-0 11. Bf4 Bd6 12. Nb5 cxb5 13. Bxd6 Qxc2 14. Bxc2 Nb6 15. b3 Rxd6 16. a4 b4 17. a5 Nbd7 18. Bd3 h5 19. a6 b6 20. Rfc1+ Kb8 21. Bb5 g5 22. Bc6 h4 23. Bb7 g4 24. Rc2 Ne4 25. Rac1 Ndf6 26. Nf4 Bd7 27. Nd3 Nc3 28. Nxb4 Nb5 29. Nd3 Bf5 30. b4 Ne4 31. Ne5 Rf6 32. Nc6+ Rxc6 33. Bxc6 Ned6 34. Ra2 Be4 35. Bd7 f5 36. Raa1 Rg8 37. Rc6 h3 38. g3 Bg2 39. Rac1 Nc4 40. Bxf5 Nbd6 41. Bd3 Nd2 42. Be2 N6c4 43. Rf6 Nf3+ 44. Bxf3 Bxf3 45. Rf4 Bg2 46. e4 Nd2 47. f3 dxe4 48. fxe4 Nf3+ 49. Kf2 Nxd4 50. e5 Ne6 51. Rf6 Re8 52. Rd1 Nc7 53. Rfd6 Ne6 54. Rd7 Bc6 1/2-1/2

[Event "Politiken Cup 31st"]
[Site "Helsingor"]
[Date "2009.07.25"]
[Round "9"]
[White "Jacobsen, Suni"]
[Black "Eiholt, Bjarne"]
[Result "1-0"]
[WhiteElo "1906"]
[BlackElo "1678"]
[PlyCount "65"]
[EventDate "2009.07.18"]
[EventType "swiss"]
[EventRounds "10"]
[EventCountry "DEN"]
[SourceTitle "CBM 131 Extra"]
[Source "ChessBase"]
[SourceDate "2009.09.03"]
[SourceVersion "2"]
[SourceVersionDate "2009.09.16"]
[SourceQuality "1"]

1. Nf3 d5 2. d4 Nf6 3. g3 e6 4. Bg2 Be7 5. 0-0 0-0 6. c4 b6 7. Nc3 Bb7 8. Bf4 dxc4 9. Ne5 Bxg2 10. Kxg2 Nd5 11. e4 Nxf4+ 12. gxf4 c6 13. Nxc4 Qc7 14. Qf3 Nd7 15. Ne3 Nf6 16. Rac1 Qb7 17. f5 Rad8 18. e5 Ne8 19. Qe4 exf5 20. Nxf5 Bg5 21. f4 Be7 22. Rf3 g6 23. Qxc6 Qd7 24. Qxd7 Rxd7 25. Nxe7+ Rxe7 26. d5 Ng7 27. d6 Rd7 28. Nd5 Ne8 29. Rc8 Kg7 30. Rxe8 Rxe8 31. Nf6 Red8 32. Nxd7 Rxd7 33. Rc3 1-0

[Event "Politiken Cup 31st"]
[Site "Helsingor"]
[Date "2009.07.22"]
[Round "6"]
[White "Eiholt, Bjarne"]
[Black "Andersen, Dag"]
[Result "0-1"]
[WhiteElo "1678"]
[BlackElo "1926"]
[PlyCount "52"]
[EventDate "2009.07.18"]
[EventType "swiss"]
[EventRounds "10"]
[EventCountry "DEN"]
[SourceTitle "CBM 131 Extra"]
[Source "ChessBase"]
[SourceDate "2009.09.03"]
[SourceVersion "2"]
[SourceVersionDate "2009.09.16"]
[SourceQuality "1"]

1. d4 Nf6 2. c4 c5 3. d5 e5 4. Nc3 d6 5. e4 Nbd7 6. Nf3 Be7 7. Be2 Nf8 8. 0-0 a6 9. a4 Ng6 10. Ne1 h5 11. Nd3 h4 12. f4 exf4 13. Nxf4 Ne5 14. Nh5 Nxh5 15. Bxh5 g6 16. Bf3 Nxc4 17. b3 Ne5 18. Bb2 Bf6 19. Qe2 Qe7 20. Nd1 Bd7 21. Ne3 Rb8 22. Ng4 Nxg4 23. Bxf6 Nxf6 24. e5 Qxe5 25. Qf2 Qd4 26. Rae1+ Kf8 0-1

[Event "Politiken Cup 31st"]
[Site "Helsingor"]
[Date "2009.07.20"]
[Round "4"]
[White "Eiholt, Bjarne"]
[Black "Berkemer, Rainer"]
[Result "1-0"]
[WhiteElo "1678"]
[BlackElo "1925"]
[PlyCount "89"]
[EventDate "2009.07.18"]
[EventType "swiss"]
[EventRounds "10"]
[EventCountry "DEN"]
[SourceTitle "CBM 131 Extra"]
[Source "ChessBase"]
[SourceDate "2009.09.03"]
[SourceVersion "2"]
[SourceVersionDate "2009.09.16"]
[SourceQuality "1"]

1. d4 Nf6 2. c4 e6 3. Nc3 c5 4. d5 exd5 5. cxd5 Bd6 6. Nf3 Bc7 7. e4 d6 8. Be2 Ba5 9. 0-0 0-0 10. Nd2 Re8 11. f3 a6 12. Nc4 Bc7 13. a4 Nbd7 14. Bg5 h6 15. Bh4 Ne5 16. Nd2 g5 17. f4 Nfg4 18. Bf2 gxf4 19. h3 Nxf2 20. Rxf2 Qg5 21. Kh1 Kh8 22. Nf3 Qg3 23. Qf1 Rg8 24. Rd1 f6 25. Nd2 Ng6 26. Bh5 Bd7 27. Bxg6 Rxg6 28. Ne2 Qe3 29. Rf3 Rag8 30. Rxe3 fxe3 31. Nc4 Rxg2 32. Qxg2 Rxg2 33. Kxg2 Bxa4 34. Rf1 Bc2 35. Kf3 f5 36. exf5 Bxf5 37. Nxe3 Bxh3 38. Rh1 Bd7 39. Rxh6+ Kg7 40. Rh5 Bd8 41. Nf4 b5 42. Ne6+ Kg6 43. Rh8 Bf6 44. Ra8 Bxb2 45. Nf8+ 1-0